Developments in rubber technology. 2. Synthetic rubbers (Record no. 38193)

MARC details
000 -LEADER
fixed length control field 00361nam a2200133Ia 4500
082 ## - DEWEY DECIMAL CLASSIFICATION NUMBER
Classification number NR:62
Item number DEV.2;1
245 #0 - TITLE STATEMENT
Title Developments in rubber technology. 2. Synthetic rubbers
260 ## - PUBLICATION, DISTRIBUTION, ETC. (IMPRINT)
Place of publication London
Name of publisher Applied Science
Year of publication 1981
650 ## - SUBJECT ADDED ENTRY--TOPICAL TERM
Topical Term Synthetic rubber
700 ## - ADDED ENTRY--PERSONAL NAME
Personal name Lee, K S
700 ## - ADDED ENTRY--PERSONAL NAME
Personal name Whelan, A
942 ## - ADDED ENTRY ELEMENTS (KOHA)
Koha item type Books
Holdings
Withdrawn status Lost status Damaged status Not for loan Home library Current library Date acquired Full call number Accession Number Koha item type
        RRII Library RRII Library 16/12/2021 NR:62 DEV.2;1 18556 Books